000 00492nam a2200169Ia 4500
999 _c27561
_d27561
003 OSt
005 20201202114627.0
008 190216s9999||||xx |||||||||||||| ||und||
040 _coclc
082 _a894.8123
_bRAD/M
100 _aRadhakrishnan, C
_96488
245 0 _aMunpe Parakkunna Pakshikal /
_cC Radhakrishnan
260 _bHi Tech Books,
_c1989.
_aKochi:
300 _a515p
650 _aMalayalam Novel
942 _cBK
_2ddc
_h894.8123
_iRAD/M
_k894.8123
_mRAD/M